1708 1936 1964 1338 1531 1120 1540 1088 1995 1224 1524 1812 1004 1648 1969 1515 1347 1075 1111 1674 1944 1442 1894 1104 1284 1124 1520 1311 1255 1948 1154 1901 1913 1813 1390 1668 1281 1818 1642 1062 1251 1734 1123 1295 1004 1603 1706 1661 1480 1644 1961 1203 1422 1416 1943 1990 1667 1965 1768 1168 1503 1933 1274 1828 1067 1624 1784 1269 1849 1269 1164 1986 1982 1620 1210 1523 1559 1923 1048 1587 1222 1142 1037 1211 1096 1678 1740 1091 1613 1471 1500 1536 1449 1892 1208 1613 1688 1435 1166 BCNSPRNW ULIB Ver.6.0+V

เปลี่ยนเป็นภาษาไทย

Change to English
 แสดงรายละเอียดบรรณานุกรม
  กลับหน้าหลัก

Brief Record : Get Marc (ISO 2709) : E-mail record : QR code < ปิดหน้าต่าง
LEADER : 00000nam 2200000uu 4500
001    13399112215
003     ULIB
008    110627s2553||||th 000 0 tha d
020    9748133745
060  4 WY18^bฐ361ก 2553
100 0  ฐิติรัตน์ ทองอินทร์
245 00 การวิเคราะห์ต้นทุนการผลิตบัณฑิตพยาบาลและพัฒนาบุคลากรด้านสุขภาพ วิทยาลัยพยาบาลบรมราชชนนนี เชียงใหม่/^cฐิติรัตน์ ทองอินทร์
260    เชียงใหม่ :^bวิทยาลัยพยาบาลบรมราชชนนี เชียงใหม่,^c2553
300    57 หน้า
650  7 การวิเคราะห์ต้นทุน^xวิจัย
650  7 วิทยาลัยพยาบาลบรมราชชนนี เชียงใหม่
945    ^p0^l0^i027783
995    ทศพร
999 ^a ใช้งานได้ทุกระบบ
รายการนี้ยังไม่มีแท็ก
คุณยังไม่ได้ล็อกอิน คุณสามารถมีกิจกรรมร่วมกับเว็บไซต์ได้ แต่ต้องล็อกอินก่อน ::
  ล็อกอิน

รายการสื่อสารสนเทศ

ลำดับที่ ประเภท เลขเรียก/บาร์โค้ด สถานที่ สถานะ
- ไม่พบข้อมูล -

รายการใกล้เคียง
    หัวเรื่อง [วิทยาลัยพยาบาลบรมราชชนนี เชียงใหม่]

BibComment


ยังไม่เคยถูกคอมเมนท์

คอมเมนท์ทรัพยากรรายการนี้
  คอมเมนท์: การวิเคราะห์ต้นทุ..


 Copyright 2026. Bcnsprnw @Library